| 000 | 00622nam a2200217Ia 4500 | ||
|---|---|---|---|
| 003 | GCL | ||
| 008 | 140319s9999 xx 000 0 ara d | ||
| 040 |
_aGCL / _cGCL |
||
| 082 | 0 | 4 |
_a301.36 _bف ع |
| 100 | 1 | _aفادية عمر الجولانى | |
| 245 | 1 | 0 |
_aعلم الاجتماع الحضرى / _cفادية عمر الجولانى |
| 260 |
_a[S.N] : _bمؤسسة شباب الجامعة ، _c1993 |
||
| 300 | _a191 ص | ||
| 490 | _a | ||
| 650 | 0 | 4 | _aالبيئة |
| 650 | 0 | 4 | _aالاجتماع |
| 650 | 0 | 4 | _aالمدن |
| 650 | 0 | 4 | _aالقرى |
| 650 | 0 | 4 | _aالاجتماع الحضرى |
| 942 |
_2ddc _cBK |
||
| 999 |
_c31368 _d31368 |
||